| 000 | 00375nam a2200157Ia 4500 | ||
|---|---|---|---|
| 008 | 210210b1997 xxu||||| |||| 00| 0 eng d | ||
| 020 | _a81 7480 022 | ||
| 082 | _a590 SAHN | ||
| 100 | _aSAHGAL (BITTU), Ed. | ||
| 245 | _aExtinction is forever. | ||
| 260 |
_aND _bVigyan Prasar _c1997 |
||
| 300 | _axii,65 | ||
| 650 | _aExtinctions | ||
| 690 | _aZoology | ||
| 906 | _a052540 | ||
| 999 |
_c100827 _d100827 |
||